[Event "Deutsche Ländermeisterschaft 2025"]
[Site "Oer-Erkenschwick GER"]
[Date "2025.10.02"]
[Round "3"]
[White "Müller, Riyanna"]
[Black "Reich, Elisabeth"]
[Result "1-0"]
[Termination "normal"]
[Board "2.5"]
[WhiteTitle "WFM"]
[WhiteElo "2049"]
[BlackElo "1894"]
[WhiteClock "00:10:18"]
[BlackClock "00:18:25"]
[WhiteTeam "Rheinland-Pfalz"]
[BlackTeam "Bayern"]
[PlyCount "129"]
[WhiteFideId "16287401"]
[BlackFideId "16239776"]
[EventCountry "GER"]
[EventRounds "7"]
[EventType "team-swiss"]
[EventDate "2025.09.30"]

1. e4 {[%clk 01:30:54]} {[%emt 00:00:05]} c5 {[%clk 01:30:56]} {[%emt
00:00:04]} 2. Nf3 {[%clk 01:31:14]} {[%emt 00:00:10]} Nc6 {[%clk 01:31:21]}
{[%emt 00:00:05]} 3. Bb5 {[%clk 01:31:30]} {[%emt 00:00:13]} Nf6 {[%clk
01:31:28]} {[%emt 00:00:24]} 4. Bxc6 {[%clk 01:26:38]} {[%emt 00:05:22]} dxc6
{[%clk 01:31:36]} {[%emt 00:00:22]} 5. d3 {[%clk 01:26:42]} {[%emt 00:00:25]}
g6 {[%clk 01:28:26]} {[%emt 00:03:40]} 6. h3 {[%clk 01:25:50]} {[%emt
00:01:21]} Bg7 {[%clk 01:28:25]} {[%emt 00:00:32]} 7. O-O {[%clk 01:25:45]}
{[%emt 00:00:36]} O-O {[%clk 01:28:04]} {[%emt 00:00:51]} 8. Be3 {[%clk
01:24:44]} {[%emt 00:01:29]} b6 {[%clk 01:21:45]} {[%emt 00:06:51]} 9. a4
{[%clk 01:24:02]} {[%emt 00:01:12]} Ba6 {[%clk 01:20:00]} {[%emt 00:02:14]} 10.
Nbd2 {[%clk 01:21:12]} {[%emt 00:03:20]} Qc7 {[%clk 01:12:58]} {[%emt
00:07:30]} 11. b3 {[%clk 01:19:28]} {[%emt 00:02:16]} Rfd8 {[%clk 01:11:11]}
{[%emt 00:02:17]} 12. Qe2 {[%clk 01:17:05]} {[%emt 00:02:54]} Nh5 {[%clk
01:04:44]} {[%emt 00:06:58]} 13. Ra2 {[%clk 01:14:26]} {[%emt 00:03:08]} Nf4
{[%clk 00:59:33]} {[%emt 00:05:42]} 14. Bxf4 {[%clk 01:14:02]} {[%emt
00:00:53]} Qxf4 {[%clk 01:00:01]} {[%emt 00:00:03]} 15. Nc4 {[%clk 01:13:39]}
{[%emt 00:00:52]} Bxc4 {[%clk 00:59:32]} {[%emt 00:01:00]} 16. bxc4 {[%clk
01:14:02]} {[%emt 00:00:07]} Qc7 {[%clk 00:55:07]} {[%emt 00:04:54]} 17. Rb1
{[%clk 01:12:40]} {[%emt 00:01:52]} Rdb8 {[%clk 00:52:37]} {[%emt 00:03:00]}
18. Qe3 {[%clk 01:06:22]} {[%emt 00:06:48]} a6 {[%clk 00:37:23]} {[%emt
00:15:44]} 19. Rb3 {[%clk 01:04:28]} {[%emt 00:02:23]} a5 {[%clk 00:37:25]}
{[%emt 00:00:30]} 20. Raa3 {[%clk 01:00:08]} {[%emt 00:04:50]} Qd6 {[%clk
00:34:56]} {[%emt 00:02:58]} 21. Rb1 {[%clk 00:59:53]} {[%emt 00:00:45]} Ra7
{[%clk 00:34:13]} {[%emt 00:01:12]} 22. Rab3 {[%clk 00:59:56]} {[%emt
00:00:28]} Rab7 {[%clk 00:34:37]} {[%emt 00:00:06]} 23. e5 {[%clk 00:52:40]}
{[%emt 00:07:46]} Qd8 {[%clk 00:33:57]} {[%emt 00:01:08]} 24. Qf4 {[%clk
00:47:24]} {[%emt 00:05:48]} Qc7 {[%clk 00:31:42]} {[%emt 00:02:44]} 25. Qe3
{[%clk 00:35:50]} {[%emt 00:12:04]} Qd8 {[%clk 00:30:18]} {[%emt 00:01:54]} 26.
Ng5 {[%clk 00:28:41]} {[%emt 00:07:39]} Bh6 {[%clk 00:23:41]} {[%emt 00:07:08]}
27. Nxf7 {[%clk 00:27:52]} {[%emt 00:01:19]} Kxf7 {[%clk 00:20:28]} {[%emt
00:03:43]} 28. Qxh6 {[%clk 00:28:14]} {[%emt 00:00:07]} Kg8 {[%clk 00:20:50]}
{[%emt 00:00:08]} 29. e6 {[%clk 00:23:34]} {[%emt 00:05:10]} Qd4 {[%clk
00:18:54]} {[%emt 00:02:22]} 30. Qg5 {[%clk 00:18:24]} {[%emt 00:05:42]} Qd6
{[%clk 00:11:50]} {[%emt 00:07:35]} 31. Qe3 {[%clk 00:17:45]} {[%emt 00:01:12]}
Qc7 {[%clk 00:11:59]} {[%emt 00:00:18]} 32. h4 {[%clk 00:17:21]} {[%emt
00:00:56]} Kg7 {[%clk 00:11:14]} {[%emt 00:01:14]} 33. h5 {[%clk 00:17:11]}
{[%emt 00:00:41]} gxh5 {[%clk 00:09:50]} {[%emt 00:01:55]} 34. Qg5+ {[%clk
00:16:57]} {[%emt 00:00:43]} Kh8 {[%clk 00:09:17]} {[%emt 00:01:03]} 35. Qxh5
{[%clk 00:15:03]} {[%emt 00:02:25]} Rg8 {[%clk 00:09:12]} {[%emt 00:00:34]} 36.
Re1 {[%clk 00:15:11]} {[%emt 00:00:22]} Rbb8 {[%clk 00:09:16]} {[%emt
00:00:25]} 37. Qe5+ {[%clk 00:12:13]} {[%emt 00:03:29]} Qxe5 {[%clk 00:09:45]}
{[%emt 00:00:02]} 38. Rxe5 {[%clk 00:12:35]} {[%emt 00:00:07]} h6 {[%clk
00:09:09]} {[%emt 00:01:06]} 39. Rf5 {[%clk 00:08:42]} {[%emt 00:04:23]} Rg5
{[%clk 00:07:07]} {[%emt 00:02:28]} 40. Rf7 {[%clk 00:07:44]} {[%emt 00:01:30]}
Rg7 {[%clk 00:06:55]} {[%emt 00:00:42]} 41. Rf4 {[%clk 00:07:28]} {[%emt
00:00:48]} Rg6 {[%clk 00:05:36]} {[%emt 00:01:49]} 42. Re4 {[%clk 00:07:35]}
{[%emt 00:00:23]} Kg7 {[%clk 00:02:46]} {[%emt 00:03:20]} 43. c3 {[%clk
00:06:33]} {[%emt 00:01:32]} Kf8 {[%clk 00:30:10]} {[%emt 00:03:05]} 44. Kh2
{[%clk 00:33:24]} {[%emt 00:03:39]} Ke8 {[%clk 00:29:31]} {[%emt 00:01:08]} 45.
Re5 {[%clk 00:31:26]} {[%emt 00:02:29]} Rg5 {[%clk 00:28:46]} {[%emt 00:01:14]}
46. Rxg5 {[%clk 00:30:56]} {[%emt 00:01:01]} hxg5 {[%clk 00:29:14]} {[%emt
00:00:02]} 47. Kg3 {[%clk 00:30:59]} {[%emt 00:00:27]} Kd8 {[%clk 00:26:53]}
{[%emt 00:02:51]} 48. Kg4 {[%clk 00:24:35]} {[%emt 00:06:54]} Kc7 {[%clk
00:27:10]} {[%emt 00:00:12]} 49. Rb2 {[%clk 00:23:08]} {[%emt 00:01:57]} Rg8
{[%clk 00:23:53]} {[%emt 00:03:46]} 50. g3 {[%clk 00:21:59]} {[%emt 00:01:41]}
Rg7 {[%clk 00:21:06]} {[%emt 00:03:15]} 51. d4 {[%clk 00:15:25]} {[%emt
00:07:05]} Rg8 {[%clk 00:19:14]} {[%emt 00:02:22]} 52. dxc5 {[%clk 00:15:11]}
{[%emt 00:00:46]} bxc5 {[%clk 00:19:43]} {[%emt 00:00:02]} 53. Rd2 {[%clk
00:15:25]} {[%emt 00:00:14]} Rg7 {[%clk 00:19:15]} {[%emt 00:00:59]} 54. Rd7+
{[%clk 00:14:01]} {[%emt 00:01:55]} Kb6 {[%clk 00:19:19]} {[%emt 00:00:26]} 55.
Kh5 {[%clk 00:13:24]} {[%emt 00:01:06]} Rh7+ {[%clk 00:17:51]} {[%emt
00:01:58]} 56. Kxg5 {[%clk 00:13:47]} {[%emt 00:00:07]} Rh2 {[%clk 00:18:15]}
{[%emt 00:00:06]} 57. f4 {[%clk 00:09:17]} {[%emt 00:05:00]} Rg2 {[%clk
00:16:10]} {[%emt 00:02:34]} 58. g4 {[%clk 00:09:34]} {[%emt 00:00:13]} Ra2
{[%clk 00:16:29]} {[%emt 00:00:12]} 59. Rxe7 {[%clk 00:09:49]} {[%emt
00:00:15]} Rxa4 {[%clk 00:16:46]} {[%emt 00:00:12]} 60. f5 {[%clk 00:08:35]}
{[%emt 00:01:44]} Rxc4 {[%clk 00:17:03]} {[%emt 00:00:13]} 61. f6 {[%clk
00:08:51]} {[%emt 00:00:15]} a4 {[%clk 00:17:21]} {[%emt 00:00:13]} 62. f7
{[%clk 00:09:11]} {[%emt 00:00:09]} a3 {[%clk 00:17:45]} {[%emt 00:00:05]} 63.
f8=Q {[%clk 00:09:33]} {[%emt 00:00:09]} a2 {[%clk 00:17:57]} {[%emt 00:00:18]}
64. Qb8+ {[%clk 00:09:55]} {[%emt 00:00:07]} Ka6 {[%clk 00:18:25]} {[%emt
00:00:03]} 65. Ra7# {[%clk 00:10:18]} {[%emt 00:00:07]} 1-0

[Event "Deutsche Ländermeisterschaft 2025"]
[Site "Oer-Erkenschwick GER"]
[Date "2025.10.02"]
[Round "3"]
[White "Ranganathan, Aadith"]
[Black "Gröschel, Karoline"]
[Result "0-1"]
[Termination "normal"]
[Board "2.6"]
[WhiteElo "1923"]
[BlackElo "1984"]
[WhiteClock "01:13:17"]
[BlackClock "00:27:30"]
[WhiteTeam "Bayern"]
[BlackTeam "Rheinland-Pfalz"]
[PlyCount "98"]
[WhiteFideId "34667121"]
[BlackFideId "34610537"]
[EventCountry "GER"]
[EventRounds "7"]
[EventType "team-swiss"]
[EventDate "2025.09.30"]

1. e4 {[%clk 01:30:54]} {[%emt 00:00:06]} c5 {[%clk 01:30:55]} {[%emt
00:00:06]} 2. Nf3 {[%clk 01:31:19]} {[%emt 00:00:05]} e6 {[%clk 01:31:19]}
{[%emt 00:00:05]} 3. d4 {[%clk 01:31:44]} {[%emt 00:00:05]} cxd4 {[%clk
01:31:46]} {[%emt 00:00:03]} 4. Nxd4 {[%clk 01:32:08]} {[%emt 00:00:06]} a6
{[%clk 01:32:13]} {[%emt 00:00:03]} 5. Bd3 {[%clk 01:32:31]} {[%emt 00:00:07]}
Bc5 {[%clk 01:32:24]} {[%emt 00:00:20]} 6. Nb3 {[%clk 01:32:53]} {[%emt
00:00:08]} Ba7 {[%clk 01:32:50]} {[%emt 00:00:04]} 7. O-O {[%clk 01:33:16]}
{[%emt 00:00:07]} Ne7 {[%clk 01:32:46]} {[%emt 00:00:34]} 8. Bf4 {[%clk
01:33:27]} {[%emt 00:00:18]} d5 {[%clk 01:28:07]} {[%emt 00:05:08]} 9. N1d2
{[%clk 01:31:21]} {[%emt 00:02:36]} Nbc6 {[%clk 01:24:55]} {[%emt 00:03:43]}
10. Nf3 {[%clk 01:25:01]} {[%emt 00:06:50]} O-O {[%clk 01:14:13]} {[%emt
00:11:12]} 11. c3 {[%clk 01:13:07]} {[%emt 00:12:24]} f6 {[%clk 01:02:02]}
{[%emt 00:12:41]} 12. Qc2 {[%clk 01:04:20]} {[%emt 00:09:17]} Ng6 {[%clk
00:47:57]} {[%emt 00:14:35]} 13. Bg3 {[%clk 00:58:21]} {[%emt 00:06:29]} dxe4
{[%clk 00:46:40]} {[%emt 00:01:47]} 14. Bxe4 {[%clk 00:58:44]} {[%emt
00:00:06]} f5 {[%clk 00:45:21]} {[%emt 00:01:49]} 15. Bxc6 {[%clk 00:58:21]}
{[%emt 00:00:53]} bxc6 {[%clk 00:45:36]} {[%emt 00:00:14]} 16. Rad1 {[%clk
00:58:44]} {[%emt 00:00:08]} Qf6 {[%clk 00:45:35]} {[%emt 00:00:31]} 17. Bd6
{[%clk 00:59:08]} {[%emt 00:00:06]} Re8 {[%clk 00:44:26]} {[%emt 00:01:39]} 18.
Na5 {[%clk 00:55:47]} {[%emt 00:03:47]} c5 {[%clk 00:37:16]} {[%emt 00:07:44]}
19. Nc6 {[%clk 00:55:45]} {[%emt 00:00:31]} Bb7 {[%clk 00:36:11]} {[%emt
00:01:35]} 20. Be5 {[%clk 00:48:08]} {[%emt 00:08:07]} Qf7 {[%clk 00:29:37]}
{[%emt 00:07:03]} 21. Ng5 {[%clk 00:48:23]} {[%emt 00:00:16]} Qf8 {[%clk
00:29:45]} {[%emt 00:00:21]} 22. Nxa7 {[%clk 00:48:21]} {[%emt 00:00:34]} Nxe5
{[%clk 00:30:03]} {[%emt 00:00:12]} 23. f4 {[%clk 00:47:58]} {[%emt 00:00:53]}
Nf7 {[%clk 00:29:35]} {[%emt 00:00:58]} 24. Rd7 {[%clk 00:48:05]} {[%emt
00:00:22]} Re7 {[%clk 00:23:19]} {[%emt 00:06:47]} 25. Rfd1 {[%clk 00:44:46]}
{[%emt 00:03:48]} Nxg5 {[%clk 00:22:49]} {[%emt 00:01:01]} 26. fxg5 {[%clk
00:45:09]} {[%emt 00:00:06]} Rxa7 {[%clk 00:22:39]} {[%emt 00:00:40]} 27. Rd8
{[%clk 00:44:32]} {[%emt 00:01:08]} Re8 {[%clk 00:23:01]} {[%emt 00:00:07]} 28.
R8d7 {[%clk 00:44:57]} {[%emt 00:00:05]} Be4 {[%clk 00:21:13]} {[%emt
00:02:18]} 29. Qa4 {[%clk 00:45:09]} {[%emt 00:00:16]} Rxd7 {[%clk 00:21:08]}
{[%emt 00:00:38]} 30. Rxd7 {[%clk 00:45:33]} {[%emt 00:00:06]} Rd8 {[%clk
00:19:18]} {[%emt 00:02:18]} 31. Qd1 {[%clk 00:44:26]} {[%emt 00:01:38]} Rxd7
{[%clk 00:18:29]} {[%emt 00:01:20]} 32. Qxd7 {[%emt 00:00:09]} Bd5 {[%clk
00:17:13]} {[%emt 00:01:44]} 33. b3 {[%clk 00:45:09]} {[%emt 00:00:09]} c4
{[%clk 00:17:03]} {[%emt 00:00:39]} 34. b4 {[%clk 00:45:31]} {[%emt 00:00:08]}
Qa8 {[%clk 00:14:48]} {[%emt 00:02:43]} 35. h4 {[%clk 00:42:22]} {[%emt
00:03:41]} Qc6 {[%clk 00:09:09]} {[%emt 00:06:06]} 36. Qa7 {[%clk 00:40:56]}
{[%emt 00:01:44]} Bxg2 {[%clk 00:06:00]} {[%emt 00:03:54]} 37. Qe7 {[%clk
00:41:07]} {[%emt 00:00:19]} Bd5 {[%clk 00:02:04]} {[%emt 00:04:22]} 38. h5
{[%clk 00:41:19]} {[%emt 00:00:22]} Qb6+ {[%clk 00:01:46]} {[%emt 00:00:48]}
39. Kf1 {[%clk 00:41:41]} {[%emt 00:00:07]} Qb8 {[%clk 00:01:55]} {[%emt
00:00:22]} 40. g6 {[%clk 00:41:23]} {[%emt 00:00:48]} hxg6 {[%clk 00:02:07]}
{[%emt 00:00:19]} 41. hxg6 {[%clk 00:41:38]} {[%emt 00:00:15]} Qf4+ {[%clk
00:01:43]} {[%emt 00:00:53]} 42. Ke1 {[%clk 00:41:30]} {[%emt 00:00:38]} Qg3+
{[%clk 00:01:06]} {[%emt 00:01:06]} 43. Kd2 {[%clk 00:41:52]} {[%emt 00:00:09]}
Qd3+ {[%clk 00:27:56]} {[%emt 00:03:39]} 44. Ke1 {[%clk 01:11:40]} {[%emt
00:00:43]} Qxc3+ {[%clk 00:27:58]} {[%emt 00:00:28]} 45. Kf2 {[%clk 01:11:58]}
{[%emt 00:00:12]} Qd2+ {[%clk 00:27:56]} {[%emt 00:00:31]} 46. Kg3 {[%clk
01:12:18]} {[%emt 00:00:11]} Qg2+ {[%clk 00:26:43]} {[%emt 00:01:43]} 47. Kf4
{[%clk 01:12:41]} {[%emt 00:00:07]} Qe4+ {[%clk 00:27:06]} {[%emt 00:00:07]}
48. Kg3 {[%clk 01:12:57]} {[%emt 00:00:14]} Qf3+ {[%clk 00:27:30]} {[%emt
00:00:06]} 49. Kh4 {[%clk 01:13:17]} {[%emt 00:00:10]} Qg4# {[%emt 00:00:05]}
0-1

[Event "Deutsche Ländermeisterschaft 2025"]
[Site "Oer-Erkenschwick GER"]
[Date "2025.10.02"]
[Round "3"]
[White "Steinbrenner, Peter"]
[Black "Prokscha, Charlotte"]
[Result "1-0"]
[Termination "normal"]
[Board "2.7"]
[WhiteElo "2007"]
[BlackElo "1767"]
[WhiteClock "01:24:06"]
[BlackClock "00:16:16"]
[WhiteTeam "Rheinland-Pfalz"]
[BlackTeam "Bayern"]
[PlyCount "91"]
[WhiteFideId "34645535"]
[BlackFideId "34614699"]
[EventCountry "GER"]
[EventRounds "7"]
[EventType "team-swiss"]
[EventDate "2025.09.30"]

1. d4 {[%clk 01:30:57]} {[%emt 00:00:02]} d5 {[%clk 01:30:51]} {[%emt
00:00:09]} 2. Nc3 {[%clk 01:31:21]} {[%emt 00:00:06]} Nf6 {[%clk 01:31:11]}
{[%emt 00:00:09]} 3. Bf4 {[%clk 01:31:48]} {[%emt 00:00:04]} a6 {[%clk
01:31:07]} {[%emt 00:00:35]} 4. e3 {[%clk 01:32:11]} {[%emt 00:00:06]} e6
{[%clk 01:31:25]} {[%emt 00:00:11]} 5. Nf3 {[%clk 01:32:13]} {[%emt 00:00:28]}
c5 {[%clk 01:31:44]} {[%emt 00:00:10]} 6. Bd3 {[%clk 01:31:34]} {[%emt
00:01:09]} c4 {[%clk 01:30:49]} {[%emt 00:01:26]} 7. Be2 {[%clk 01:30:58]}
{[%emt 00:01:06]} b5 {[%clk 01:31:07]} {[%emt 00:00:12]} 8. O-O {[%clk
01:30:38]} {[%emt 00:00:50]} Nc6 {[%clk 01:29:45]} {[%emt 00:01:51]} 9. Ne5
{[%clk 01:29:37]} {[%emt 00:01:32]} Ne7 {[%clk 01:19:06]} {[%emt 00:11:09]} 10.
Bf3 {[%clk 01:28:37]} {[%emt 00:01:30]} Bb7 {[%clk 01:15:53]} {[%emt 00:03:43]}
11. a3 {[%clk 01:27:01]} {[%emt 00:02:06]} Ng6 {[%clk 01:14:58]} {[%emt
00:01:25]} 12. Bg3 {[%clk 01:25:20]} {[%emt 00:02:11]} Qb6 {[%clk 01:10:38]}
{[%emt 00:04:48]} 13. Re1 {[%clk 01:17:40]} {[%emt 00:08:12]} Rd8 {[%clk
01:10:15]} {[%emt 00:00:51]} 14. a4 {[%clk 01:14:07]} {[%emt 00:04:06]} b4
{[%clk 00:55:06]} {[%emt 00:15:38]} 15. a5 {[%clk 01:14:19]} {[%emt 00:00:18]}
Qa7 {[%clk 00:55:20]} {[%emt 00:00:15]} 16. Na2 {[%clk 01:14:04]} {[%emt
00:00:46]} Ba8 {[%clk 00:51:39]} {[%emt 00:04:09]} 17. Qd2 {[%clk 01:14:08]}
{[%emt 00:00:27]} Qe7 {[%clk 00:50:00]} {[%emt 00:02:09]} 18. c3 {[%clk
01:12:19]} {[%emt 00:02:19]} bxc3 {[%clk 00:39:58]} {[%emt 00:10:32]} 19. bxc3
{[%clk 01:11:55]} {[%emt 00:00:54]} Nxe5 {[%clk 00:36:41]} {[%emt 00:03:47]}
20. Bxe5 {[%clk 01:12:14]} {[%emt 00:00:11]} Qa7 {[%clk 00:33:53]} {[%emt
00:03:18]} 21. Rab1 {[%clk 01:11:33]} {[%emt 00:01:11]} Bc6 {[%clk 00:32:57]}
{[%emt 00:01:24]} 22. Qb2 {[%clk 01:09:38]} {[%emt 00:02:26]} Bb5 {[%clk
00:31:40]} {[%emt 00:01:47]} 23. Nb4 {[%clk 01:07:43]} {[%emt 00:02:25]} Nd7
{[%clk 00:29:50]} {[%emt 00:02:20]} 24. Bg3 {[%clk 01:08:09]} {[%emt 00:00:04]}
Be7 {[%clk 00:28:31]} {[%emt 00:01:48]} 25. e4 {[%clk 01:07:25]} {[%emt
00:01:15]} dxe4 {[%clk 00:21:28]} {[%emt 00:07:33]} 26. Bxe4 {[%clk 01:07:36]}
{[%emt 00:00:18]} Rc8 {[%clk 00:19:20]} {[%emt 00:02:39]} 27. d5 {[%clk
01:04:21]} {[%emt 00:03:46]} Bxb4 {[%clk 00:11:00]} {[%emt 00:08:49]} 28. Qxb4
{[%clk 01:04:20]} {[%emt 00:00:31]} e5 {[%clk 00:08:52]} {[%emt 00:02:38]} 29.
Bf5 {[%clk 01:04:29]} {[%emt 00:00:21]} f6 {[%clk 00:08:39]} {[%emt 00:00:42]}
30. Qd6 {[%clk 01:04:12]} {[%emt 00:00:46]} Qc5 {[%clk 00:06:58]} {[%emt
00:02:13]} 31. Qe6+ {[%clk 01:01:09]} {[%emt 00:03:34]} Qe7 {[%clk 00:06:08]}
{[%emt 00:01:20]} 32. f4 {[%clk 00:59:51]} {[%emt 00:01:48]} Qxe6 {[%clk
00:04:36]} {[%emt 00:02:01]} 33. Bxe6 {[%clk 01:00:09]} {[%emt 00:00:12]} exf4
{[%clk 00:04:10]} {[%emt 00:00:56]} 34. Bxf4 {[%clk 01:00:31]} {[%emt
00:00:07]} Kd8 {[%clk 00:03:47]} {[%emt 00:00:53]} 35. Bd6 {[%clk 00:58:45]}
{[%emt 00:02:17]} Ra8 {[%clk 00:01:34]} {[%emt 00:02:44]} 36. Re3 {[%clk
00:57:35]} {[%emt 00:01:39]} Nf8 {[%clk 00:00:59]} {[%emt 00:01:05]} 37. Bh3
{[%clk 00:57:20]} {[%emt 00:00:44]} Ng6 {[%clk 00:00:50]} {[%emt 00:00:40]} 38.
Bc5 {[%clk 00:56:01]} {[%emt 00:01:50]} Ne5 {[%clk 00:00:48]} {[%emt 00:00:32]}
39. Bb6+ {[%clk 00:56:28]} {[%emt 00:00:03]} Ke7 {[%clk 00:00:40]} {[%emt
00:00:37]} 40. Bc7 {[%clk 00:56:30]} {[%emt 00:00:28]} Rhe8 {[%clk 00:00:36]}
{[%emt 00:00:33]} 41. d6+ {[%clk 00:56:15]} {[%emt 00:00:46]} Kf7 {[%clk
00:29:45]} {[%emt 00:01:20]} 42. Bf5 {[%clk 01:23:31]} {[%emt 00:03:15]} Nd7
{[%clk 00:20:11]} {[%emt 00:10:03]} 43. Rxe8 {[%clk 01:23:53]} {[%emt
00:00:09]} Rxe8 {[%clk 00:20:23]} {[%emt 00:00:18]} 44. Rxb5 {[%clk 01:23:45]}
{[%emt 00:00:38]} axb5 {[%clk 00:20:25]} {[%emt 00:00:28]} 45. Bxd7 {[%clk
01:24:09]} {[%emt 00:00:06]} Re5 {[%clk 00:16:16]} {[%emt 00:04:38]} 46. Bxb5
{[%clk 01:24:06]} {[%emt 00:00:34]} 1-0

[Event "Deutsche Ländermeisterschaft 2025"]
[Site "Oer-Erkenschwick GER"]
[Date "2025.10.02"]
[Round "3"]
[White "Ratushna, Olha"]
[Black "Frydel, Helena"]
[Result "1-0"]
[Termination "normal"]
[Board "2.8"]
[WhiteElo "1650"]
[BlackElo "1549"]
[WhiteClock "01:10:38"]
[BlackClock "00:52:48"]
[WhiteTeam "Bayern"]
[BlackTeam "Rheinland-Pfalz"]
[PlyCount "99"]
[WhiteFideId "34172602"]
[BlackFideId "16266536"]
[EventCountry "GER"]
[EventRounds "7"]
[EventType "team-swiss"]
[EventDate "2025.09.30"]

1. e4 {[%clk 01:30:59]} {[%emt 00:00:01]} e5 {[%clk 01:30:55]} {[%emt
00:00:05]} 2. Nf3 {[%clk 01:31:27]} {[%emt 00:00:02]} Nf6 {[%clk 01:31:17]}
{[%emt 00:00:08]} 3. Nc3 {[%clk 01:31:55]} {[%emt 00:00:02]} Bb4 {[%clk
01:31:42]} {[%emt 00:00:06]} 4. a3 {[%clk 01:28:12]} {[%emt 00:04:12]} Bxc3
{[%clk 01:31:52]} {[%emt 00:00:20]} 5. dxc3 {[%clk 01:28:38]} {[%emt 00:00:04]}
Nxe4 {[%clk 01:29:47]} {[%emt 00:02:35]} 6. Qd5 {[%clk 01:25:42]} {[%emt
00:03:19]} Nf6 {[%clk 01:27:52]} {[%emt 00:02:31]} 7. Qxe5+ {[%clk 01:26:02]}
{[%emt 00:00:09]} Qe7 {[%clk 01:28:14]} {[%emt 00:00:08]} 8. Qxe7+ {[%clk
01:24:52]} {[%emt 00:01:39]} Kxe7 {[%clk 01:28:40]} {[%emt 00:00:05]} 9. Bg5
{[%clk 01:25:04]} {[%emt 00:00:20]} Re8 {[%clk 01:26:08]} {[%emt 00:03:02]} 10.
O-O-O {[%clk 01:25:10]} {[%emt 00:00:23]} Kf8 {[%clk 01:24:03]} {[%emt
00:02:35]} 11. Bxf6 {[%clk 01:24:52]} {[%emt 00:00:48]} gxf6 {[%clk 01:24:25]}
{[%emt 00:00:09]} 12. Bd3 {[%clk 01:25:05]} {[%emt 00:00:17]} d6 {[%clk
01:23:28]} {[%emt 00:01:27]} 13. Nh4 {[%clk 01:21:35]} {[%emt 00:03:59]} h6
{[%clk 01:19:39]} {[%emt 00:04:20]} 14. Rhe1 {[%clk 01:17:24]} {[%emt
00:04:40]} Nc6 {[%clk 01:14:52]} {[%emt 00:05:17]} 15. Rxe8+ {[%clk 01:16:07]}
{[%emt 00:01:47]} Kxe8 {[%clk 01:13:30]} {[%emt 00:01:53]} 16. Re1+ {[%clk
01:16:33]} {[%emt 00:00:03]} Kf8 {[%clk 01:13:46]} {[%emt 00:00:14]} 17. Bf5
{[%clk 01:13:59]} {[%emt 00:03:03]} Ne7 {[%clk 01:12:17]} {[%emt 00:01:59]} 18.
Bxc8 {[%clk 01:09:43]} {[%emt 00:04:47]} Rxc8 {[%clk 01:12:39]} {[%emt
00:00:08]} 19. Kd2 {[%clk 01:10:00]} {[%emt 00:00:12]} Re8 {[%clk 01:11:43]}
{[%emt 00:01:27]} 20. c4 {[%clk 01:09:24]} {[%emt 00:01:06]} c5 {[%emt
00:01:07]} 21. g4 {[%clk 01:08:02]} {[%emt 00:01:50]} b6 {[%clk 01:09:03]}
{[%emt 00:02:35]} 22. Re3 {[%clk 01:07:44]} {[%emt 00:00:48]} d5 {[%clk
01:07:21]} {[%emt 00:02:12]} 23. cxd5 {[%clk 01:07:37]} {[%emt 00:00:38]} Nxd5
{[%clk 01:07:29]} {[%emt 00:00:22]} 24. Rxe8+ {[%clk 01:08:05]} {[%emt
00:00:02]} Kxe8 {[%clk 01:07:36]} {[%emt 00:00:23]} 25. Nf5 {[%clk 01:08:24]}
{[%emt 00:00:10]} Kf8 {[%clk 01:03:52]} {[%emt 00:04:14]} 26. Nxh6 {[%clk
01:08:50]} {[%emt 00:00:04]} Kg7 {[%clk 01:04:15]} {[%emt 00:00:07]} 27. Nf5+
{[%clk 01:09:14]} {[%emt 00:00:05]} Kg6 {[%clk 01:04:27]} {[%emt 00:00:18]} 28.
h4 {[%clk 01:08:50]} {[%emt 00:00:54]} Nf4 {[%clk 01:02:56]} {[%emt 00:02:01]}
29. Ke3 {[%clk 01:07:24]} {[%emt 00:01:56]} Ng2+ {[%clk 01:02:55]} {[%emt
00:00:31]} 30. Ke4 {[%clk 01:07:44]} {[%emt 00:00:05]} Ne1 {[%clk 01:00:09]}
{[%emt 00:03:21]} 31. Ne3 {[%clk 01:07:41]} {[%emt 00:00:33]} a5 {[%clk
00:57:25]} {[%emt 00:03:14]} 32. a4 {[%clk 01:05:42]} {[%emt 00:02:28]} Kh6
{[%clk 00:54:39]} {[%emt 00:03:16]} 33. Kf4 {[%clk 01:05:39]} {[%emt 00:00:33]}
Kg6 {[%clk 00:53:28]} {[%emt 00:01:42]} 34. Kg3 {[%clk 01:05:51]} {[%emt
00:00:15]} Kh6 {[%clk 00:52:13]} {[%emt 00:01:48]} 35. f4 {[%clk 01:06:10]}
{[%emt 00:00:10]} c4 {[%clk 00:52:04]} {[%emt 00:00:40]} 36. Kf2 {[%clk
01:06:28]} {[%emt 00:00:13]} Nxc2 {[%clk 00:52:18]} {[%emt 00:00:16]} 37. Nxc2
{[%clk 01:06:55]} {[%emt 00:00:03]} Kg6 {[%clk 00:51:45]} {[%emt 00:01:03]} 38.
Ne3 {[%clk 01:07:04]} {[%emt 00:00:21]} c3 {[%clk 00:51:29]} {[%emt 00:00:46]}
39. bxc3 {[%clk 01:07:32]} {[%emt 00:00:02]} Kg7 {[%clk 00:51:30]} {[%emt
00:00:29]} 40. Nc4 {[%clk 01:07:50]} {[%emt 00:00:12]} b5 {[%clk 00:51:14]}
{[%emt 00:00:46]} 41. axb5 {[%clk 01:08:03]} {[%emt 00:00:17]} a4 {[%clk
00:51:14]} {[%emt 00:00:30]} 42. b6 {[%clk 01:08:31]} {[%emt 00:00:02]} a3
{[%clk 00:51:31]} {[%emt 00:00:13]} 43. Nxa3 {[%clk 01:08:58]} {[%emt
00:00:02]} f5 {[%clk 00:51:50]} {[%emt 00:00:12]} 44. g5 {[%clk 01:09:14]}
{[%emt 00:00:13]} f6 {[%clk 00:52:12]} {[%emt 00:00:09]} 45. b7 {[%clk
01:09:40]} {[%emt 00:00:04]} fxg5 {[%clk 00:52:31]} {[%emt 00:00:11]} 46. hxg5
{[%clk 01:10:01]} {[%emt 00:00:09]} Kg6 {[%clk 00:52:42]} {[%emt 00:00:19]} 47.
b8=Q {[%clk 01:10:23]} {[%emt 00:00:07]} Kh5 {[%clk 00:52:42]} {[%emt
00:00:30]} 48. Qh8+ {[%clk 01:10:19]} {[%emt 00:00:34]} Kg4 {[%clk 00:52:30]}
{[%emt 00:00:43]} 49. Nc4 {[%clk 01:10:38]} {[%emt 00:00:11]} Kxf4 {[%clk
00:52:48]} {[%emt 00:00:12]} 50. Qh4# {[%emt 00:00:17]} 1-0